[Event "30. Open Pula 2016"]
[Site "Pula CRO"]
[Date "2016.09.17"]
[Round "9.14"]
[White "Bozic, Marjan"]
[Black "Sygulski, Pawel"]
[Result "1/2-1/2"]
[WhiteElo "2085"]
[BlackElo "2133"]
[PlyCount "113"]
[EventDate "2016.09.10"]
[EventType "swiss"]
[EventRounds "9"]
[EventCountry "CRO"]
[SourceTitle "Ajedrez en Madrid"]
[Source "lmi"]
[SourceDate "2016.09.10"]
[SourceVersion "1"]
[SourceVersionDate "2017.04.19"]
[SourceQuality "1"]

1. e4 d5 2. exd5 Qxd5 3. Nc3 Qa5 4. d4 Nf6 5. Nf3 c6 6. Bd3 Bg4 7. h3 Bxf3 8.
Qxf3 g6 9. O-O Bg7 10. Re1 e6 11. Bd2 O-O 12. Ne4 Qf5 13. Nxf6+ Qxf6 14. Qxf6
Bxf6 15. c3 Nd7 16. Bf4 Rfe8 17. Re2 Nb6 18. Rae1 Nd5 19. Bg3 b5 20. Be4 Red8
21. Bxd5 cxd5 22. Bc7 Rd7 23. Ba5 Bd8 24. Bxd8 Raxd8 25. a4 a6 26. axb5 axb5
27. Ra1 b4 28. Ra4 bxc3 29. bxc3 Rb8 30. c4 Rb1+ 31. Kh2 dxc4 32. Rxc4 Rd1 33.
Re4 Kf8 34. g4 Ke7 35. g5 Rd5 36. Rc7+ Kf8 37. Rf4 Rf5 38. Rxf5 gxf5 39. Rc4
Rd3 40. Rc8+ Kg7 41. Rd8 h6 42. gxh6+ Kxh6 43. Kg2 Kg5 44. Rd7 Kg6 45. h4 Rd1
46. Kf3 Rd3+ 47. Kg2 f4 48. h5+ Kxh5 49. Rxf7 Kg5 50. Rd7 Kf5 51. Rd6 Ra3 52.
d5 e5 53. Rd8 Rd3 54. f3 Rd2+ 55. Kf1 Kf6 56. Rd6+ Kf5 57. Rd8 1/2-1/2

[Event "30. Open Pula 2016"]
[Site "Pula CRO"]
[Date "2016.09.17"]
[Round "9.15"]
[White "Jurman, Pjerino"]
[Black "Kersic, Matej"]
[Result "0-1"]
[WhiteElo "2025"]
[BlackElo "2129"]
[PlyCount "82"]
[EventDate "2016.09.10"]
[EventType "swiss"]
[EventRounds "9"]
[EventCountry "CRO"]
[SourceTitle "Ajedrez en Madrid"]
[Source "lmi"]
[SourceDate "2016.09.10"]
[SourceVersion "1"]
[SourceVersionDate "2017.04.19"]
[SourceQuality "1"]

1. d4 d5 2. Nf3 e6 3. c4 Nf6 4. Nc3 c6 5. cxd5 cxd5 6. Bf4 Bd6 7. Ne5 O-O 8. e3
Nc6 9. Bb5 Bxe5 10. dxe5 Nd7 11. Bxc6 bxc6 12. Qa4 Bb7 13. O-O c5 14. Rfd1 Qc8
15. Rac1 Bc6 16. Qa5 Qb7 17. Na4 Bxa4 18. Qxa4 c4 19. b4 Rfc8 20. e4 Nb6 21.
Qb5 a6 22. Qa5 dxe4 23. Be3 Nd5 24. Bc5 Qb5 25. Qxb5 axb5 26. Rc2 Ra3 27. Re1
Rca8 28. Rxe4 Rxa2 29. Rc1 Ra1 30. Ree1 Rxc1 31. Rxc1 h5 32. Kf1 Ra2 33. g3 Kh7
34. h3 Kg6 35. Bf8 Rb2 36. Rd1 Nxb4 37. Bxb4 Rxb4 38. Ke2 Rb2+ 39. Ke3 c3 40.
g4 b4 41. gxh5+ Kxh5 0-1

[Event "30. Open Pula 2016"]
[Site "Pula CRO"]
[Date "2016.09.17"]
[Round "9.16"]
[White "Konic, Zlatko"]
[Black "Klement, Dubravko"]
[Result "1/2-1/2"]
[WhiteElo "2118"]
[BlackElo "1876"]
[PlyCount "92"]
[EventDate "2016.09.10"]
[EventType "swiss"]
[EventRounds "9"]
[EventCountry "CRO"]
[SourceTitle "Ajedrez en Madrid"]
[Source "lmi"]
[SourceDate "2016.09.10"]
[SourceVersion "1"]
[SourceVersionDate "2017.04.19"]
[SourceQuality "1"]

1. d4 c5 2. d5 e6 3. c4 exd5 4. cxd5 d6 5. Nc3 Ne7 6. e4 Ng6 7. Nge2 Be7 8. Ng3
Bf6 9. Be2 O-O 10. O-O Re8 11. Be3 a6 12. a4 b6 13. Qd2 Nd7 14. Rfe1 Rb8 15.
Nh5 Qc7 16. f3 Bh4 17. g3 Be7 18. Rac1 Nf6 19. Nf4 Ne5 20. b3 b5 21. Nd3 Nxd3
22. Bxd3 Bd7 23. axb5 Bxb5 24. Nxb5 axb5 25. Ra1 b4 26. Ra6 Rb6 27. Rea1 Reb8
28. Kg2 Nd7 29. f4 Bf6 30. R1a2 Bc3 31. Qe2 Nf6 32. Qf3 Qd8 33. Bc4 Rxa6 34.
Rxa6 Ra8 35. Rxa8 Qxa8 36. e5 dxe5 37. fxe5 Bxe5 38. Bxc5 Qa2+ 39. Qf2 Qxf2+
40. Bxf2 Bd6 41. Kf3 Kf8 42. Bd4 Ke7 43. h3 h5 44. g4 hxg4+ 45. hxg4 g6 46.
Bxf6+ Kxf6 1/2-1/2

[Event "30. Open Pula 2016"]
[Site "Pula CRO"]
[Date "2016.09.17"]
[Round "9.17"]
[White "Mis, Mieszko"]
[Black "Kocevar, Tugomir"]
[Result "1-0"]
[WhiteElo "2194"]
[BlackElo "1957"]
[PlyCount "47"]
[EventDate "2016.09.10"]
[EventType "swiss"]
[EventRounds "9"]
[EventCountry "CRO"]
[SourceTitle "Ajedrez en Madrid"]
[Source "lmi"]
[SourceDate "2016.09.10"]
[SourceVersion "1"]
[SourceVersionDate "2017.04.19"]
[SourceQuality "1"]

1. d4 d5 2. Nf3 Nf6 3. g3 e6 4. Bg2 c5 5. O-O Nc6 6. c4 cxd4 7. cxd5 Nxd5 8.
Nxd4 Bc5 9. Nxc6 bxc6 10. e4 Ne7 11. Qc2 Bb6 12. Bf4 Bb7 13. Rd1 Qc8 14. Bd6 c5
15. Na3 Qc6 16. Nc4 Ng6 17. a4 O-O-O 18. f4 Rhe8 19. Rd2 Bc7 20. e5 Qa6 21.
Bxb7+ Qxb7 22. Bxc7 Qxc7 23. Nd6+ Rxd6 24. exd6 1-0

[Event "30. Open Pula 2016"]
[Site "Pula CRO"]
[Date "2016.09.17"]
[Round "9.18"]
[White "Zagorsek, David"]
[Black "Jurman, Roberto"]
[Result "1-0"]
[WhiteElo "1945"]
[BlackElo "2186"]
[PlyCount "51"]
[EventDate "2016.09.10"]
[EventType "swiss"]
[EventRounds "9"]
[EventCountry "CRO"]
[SourceTitle "Ajedrez en Madrid"]
[Source "lmi"]
[SourceDate "2016.09.10"]
[SourceVersion "1"]
[SourceVersionDate "2017.04.19"]
[SourceQuality "1"]

1. e4 e6 2. d4 d5 3. Nd2 Nf6 4. e5 Nfd7 5. Bd3 c5 6. c3 Nc6 7. Ne2 Be7 8. O-O
b6 9. f4 cxd4 10. Nxd4 Qc7 11. N2f3 Nc5 12. Nb5 Qd7 13. Bc2 Ba6 14. a4 Rd8 15.
Be3 Na5 16. Nfd4 Nc6 17. Qg4 g6 18. Nxc6 Qxc6 19. h4 h5 20. Qh3 Qd7 21. Rfd1
Bc8 22. b4 Na6 23. a5 bxa5 24. Rxa5 Nxb4 25. cxb4 Bxb4 26. Rxa7 1-0

[Event "30. Open Pula 2016"]
[Site "Pula CRO"]
[Date "2016.09.17"]
[Round "9.19"]
[White "Siljan, Milorad"]
[Black "Kozak, Antoni"]
[Result "0-1"]
[WhiteElo "1971"]
[BlackElo "2105"]
[PlyCount "112"]
[EventDate "2016.09.10"]
[EventType "swiss"]
[EventRounds "9"]
[EventCountry "CRO"]
[SourceTitle "Ajedrez en Madrid"]
[Source "lmi"]
[SourceDate "2016.09.10"]
[SourceVersion "1"]
[SourceVersionDate "2017.04.19"]
[SourceQuality "1"]

1. e4 c6 2. d4 d5 3. Nc3 dxe4 4. Nxe4 Bf5 5. Ng3 Bg6 6. h4 h6 7. h5 Bh7 8. Bd3
Bxd3 9. Qxd3 e6 10. Nf3 Nd7 11. Bd2 Ngf6 12. O-O-O Qc7 13. Kb1 O-O-O 14. Rhe1
Bd6 15. Ne4 Nxe4 16. Qxe4 c5 17. Bc3 Nf6 18. Qe2 Nxh5 19. g3 Nf6 20. dxc5 Bxc5
21. Rxd8+ Rxd8 22. Bxf6 gxf6 23. Nd2 f5 24. Nb3 Bf8 25. a4 Bg7 26. f4 a6 27. a5
Kb8 28. Rd1 Rxd1+ 29. Qxd1 Kc8 30. Qd3 Qc6 31. Qd1 e5 32. Qh5 Qg6 33. Qe2 Qxg3
34. Qc4+ Kb8 35. Qxf7 exf4 36. Qe7 Qg1+ 37. Ka2 Ka7 38. Nc5 Qg2 39. Nd7 Qd5+
40. Kb1 Bd4 41. Nb6 Bxb6 42. axb6+ Kxb6 43. Qf6+ Ka7 44. Qxh6 Qe4 45. Qd6 Qe1+
46. Ka2 Qe3 47. c4 f3 48. c5 Qe8 49. Qd4 Qe4 50. Qf2 Ka8 51. Ka3 f4 52. Qh4
Qe3+ 53. Ka2 Qxc5 54. Qxf4 f2 55. b4 Qc2+ 56. Ka3 Qd3+ 0-1

[Event "30. Open Pula 2016"]
[Site "Pula CRO"]
[Date "2016.09.17"]
[Round "9.20"]
[White "Elishev, Ivan"]
[Black "Ghersinich, Enrico"]
[Result "1-0"]
[WhiteElo "2098"]
[BlackElo "1906"]
[PlyCount "57"]
[EventDate "2016.09.10"]
[EventType "swiss"]
[EventRounds "9"]
[EventCountry "CRO"]
[SourceTitle "Ajedrez en Madrid"]
[Source "lmi"]
[SourceDate "2016.09.10"]
[SourceVersion "1"]
[SourceVersionDate "2017.04.19"]
[SourceQuality "1"]

1. e4 c5 2. Nf3 d6 3. Nc3 Nf6 4. e5 dxe5 5. Nxe5 e6 6. Bb5+ Nbd7 7. d4 a6 8.
Bxd7+ Nxd7 9. Qh5 g6 10. Qf3 Qf6 11. Bf4 g5 12. Nxd7 Kxd7 13. Na4 Qxf4 14. Nb6+
Kd8 15. Qxf4 gxf4 16. Nxa8 b5 17. O-O-O c4 18. d5 e5 19. d6 Bb7 20. Nb6 Bxg2
21. Rhe1 Bg7 22. Rg1 Bh6 23. d7 f3+ 24. Kb1 Bf8 25. Rd5 f6 26. Nc8 Be7 27. Rgd1
Bb4 28. Na7 a5 29. a3 1-0